| 000 | 01131nam a2200313 a 4500 | ||
|---|---|---|---|
| 001 | 000116187 | ||
| 003 | CHAP | ||
| 005 | 20220329144604.0 | ||
| 008 | 191001s2018 mx a |r| ||||||spa d | ||
| 010 | _a112648 | ||
| 011 | _a113620 | ||
| 020 | _a9786071205339 | ||
| 040 | _cCHAP | ||
| 082 | 0 | 4 |
_a674.097216 _bP96 |
| 245 | 0 | 5 |
_aDe la Profortarah a la certificación : _blas empresas sociales forestales de Chihuahua. Los Ejidos: La Trinidad y Aboreachi / _cpor Concepción Luján Álvarez ...[et al.]. |
| 260 |
_aChapingo, Méx. : _bUACH., _c2018. |
||
| 300 |
_a140 p. : _bfiguras, cuadros. |
||
| 490 | _aCompetitvidad de las empresas sociales forestales en México | ||
| 590 |
_aE5765TAJ _b05 _c20191001 _lUCH01 _h1307 |
||
| 650 | 1 | 4 |
_aChihuahua _xGeografía. _922300 |
| 650 | 1 | 4 |
_aEjidos forestales _xChihuahua. _936044 |
| 650 | 1 | 4 |
_aMadera aserrada _xProducción. _969641 |
| 650 | 1 | 4 |
_aProductos forestales _xAspectos económicos. _992063 |
| 700 | 0 |
_aLuján Alvarez, Concepción. _968978 |
|
| 830 | 0 |
_aCompetitvidad de las empresas sociales forestales en México _927854 |
|
| 901 | _aBK | ||
| 942 | _cLIBRO | ||
| 942 | _n0 | ||
| 999 |
_c112648 _d112648 |
||